000 01719cam a22003734a 4500
090 _c0
001 14145848
005 20070117112213.0
008 051019s2006 nhuab b 001 0 eng
010 _a 2005056311
020 _a1578084032
035 _a(OCoLC)ocm62172947
040 _aDLC
_cDLC
_dBAKER
_dC#P
_dAGL
_dDLC
042 _apcc
050 0 0 _aTC409
_b.G52 2006
070 0 _aTC409
_b.G56 2006
082 0 0 _a627
_222
_bGHO
100 1 _aGhosh, S. N.
_q(Some Nath)
245 1 0 _aEnvironmental hydrology and hydraulics :
_bEco-technological practices for sustainable development /
_cS.N. Ghosh, V.R. Desai.
260 _aEnfield, NH :
_bScience Publishers,
_cc2006.
300 _ax, 416 p. :
_bill. (some col.), maps (some col.) ;
_c25 cm.
504 _aIncludes bibliographical references and index.
505 0 _aEco-hydrological background -- Water uses -- Hydraulic principles and eco-friendly design approach -- Water hazards and their management -- Eco-technological practices for sustainable development.
650 0 _aWater resources development.
650 0 _aHydraulic engineering
_xEnvironmental aspects.
650 0 _aWater conservation.
650 0 _aEcohydrology.
650 0 _aGreen technology.
700 1 _aDesai, V. R.
_q(Venkappayya Rangappayya),
_d1960-
856 4 1 _3Table of contents only
_uhttp://www.loc.gov/catdir/toc/fy0704/2005056311.html
942 _2ddc
_cBB
999 _c10445
_d10445